[Event "Titled Tuesday intern op 28th Feb Early"]
[Site "Chess.com INT"]
[Date "2023.02.28"]
[Round "5"]
[White "Seifert, Harald"]
[Black "Dilmukhametov, Artur"]
[Result "1-0"]
[WhiteElo "2106"]
[BlackElo "2276"]
[PlyCount "49"]
[EventDate "2023.02.28"]
[EventType "swiss (blitz)"]
[EventRounds "11"]
[EventCountry "USA"]
[SourceTitle "CBM 213 Extra"]
[Source "ChessBase"]
[SourceDate "2023.05.31"]
[SourceVersion "1"]
[SourceVersionDate "2023.05.31"]
[SourceQuality "1"]

1. e4 e5 2. Nf3 d5 3. d4 dxe4 4. Nxe5 Bd6 5. Nc4 Nc6 6. c3 Be6 7. Nbd2 Nf6 8. Nxd6+ Qxd6 9. Nc4 Bxc4 10. Bxc4 0-0-0 11. Be3 Ng4 12. Qxg4+ Kb8 13. Bxf7 Rdf8 14. Bb3 Ne7 15. Qxe4 Nf5 16. 0-0 Nxe3 17. fxe3 Re8 18. Qf4 Qg6 19. Rae1 h5 20. e4 h4 21. e5 h3 22. g3 a6 23. Bf7 Ref8 24. Bxg6 Rxf4 25. Rxf4 1-0

[Event "Titled Tuesday intern op 21st Feb Early"]
[Site "Chess.com INT"]
[Date "2023.02.21"]
[Round "3"]
[White "Begunov, Konstantin"]
[Black "Seifert, Harald"]
[Result "1-0"]
[WhiteElo "2325"]
[BlackElo "2106"]
[PlyCount "71"]
[EventDate "2023.02.21"]
[EventType "swiss (blitz)"]
[EventRounds "11"]
[EventCountry "USA"]
[SourceTitle "CBM 212 Extra"]
[Source "ChessBase"]
[SourceDate "2023.03.31"]
[SourceVersion "1"]
[SourceVersionDate "2023.03.31"]
[SourceQuality "1"]

1. d4 d5 2. c4 c6 3. Nc3 Nf6 4. Nf3 a6 5. cxd5 cxd5 6. Bf4 Nc6 7. e3 Bg4 8. h3 Bxf3 9. Qxf3 e6 10. Bd3 Bd6 11. Bg5 Be7 12. 0-0 h6 13. Bf4 Bd6 14. Rfc1 Bxf4 15. Qxf4 0-0 16. Na4 Rc8 17. Nc5 Qc7 18. Qf3 Nd7 19. a3 Nxc5 20. Rxc5 Qb8 21. Rac1 Ne7 22. b4 b6 23. R5c2 Rxc2 24. Rxc2 Rc8 25. Qd1 Rxc2 26. Qxc2 b5 27. Qc5 Qb7 28. Bc2 g6 29. a4 Kg7 30. axb5 axb5 31. Bd3 Nc6 32. Bxb5 Na7 33. Bd3 Nc6 34. b5 Na5 35. b6 h5 36. Qxa5 1-0

[Event "Titled Tuesday intern op 06th Sep Early"]
[Site "Chess.com INT"]
[Date "2022.09.06"]
[Round "8"]
[White "Seifert, Harald"]
[Black "Cramling Bellon, Anna"]
[Result "1-0"]
[WhiteElo "2148"]
[BlackElo "2072"]
[PlyCount "55"]
[EventDate "2022.09.06"]
[EventType "swiss (blitz)"]
[EventRounds "11"]
[EventCountry "USA"]
[SourceTitle "EXT 2023"]
[Source "ChessBase"]
[SourceDate "2022.10.05"]
[SourceVersion "1"]
[SourceVersionDate "2022.10.05"]
[SourceQuality "1"]

1. e4 c5 2. Nf3 e6 3. c3 Nf6 4. e5 Nd5 5. d4 cxd4 6. cxd4 d6 7. Bd3 Nc6 8. 0-0 dxe5 9. dxe5 Be7 10. a3 0-0 11. Qe2 Qc7 12. Bd2 Rd8 13. Nc3 a6 14. Ne4 b5 15. Rac1 Bb7 16. b4 Qd7 17. Rfd1 Rac8 18. Bg5 h6 19. Bxe7 Qxe7 20. g3 Nb6 21. Nc5 Ba8 22. Be4 Nc4 23. Rxd8+ Rxd8 24. Rxc4 bxc4 25. Qxc4 Rd1+ 26. Kg2 Na7 27. Bxa8 Qd8 28. Qe4 1-0

[Event "Titled Tuesday intern op 06th Sep Early"]
[Site "Chess.com INT"]
[Date "2022.09.06"]
[Round "6"]
[White "Seifert, Harald"]
[Black "Matveeva, Olga"]
[Result "1/2-1/2"]
[WhiteElo "2148"]
[BlackElo "2117"]
[PlyCount "62"]
[EventDate "2022.09.06"]
[EventType "swiss (blitz)"]
[EventRounds "11"]
[EventCountry "USA"]
[SourceTitle "EXT 2023"]
[Source "ChessBase"]
[SourceDate "2022.10.05"]
[SourceVersion "1"]
[SourceVersionDate "2022.10.05"]
[SourceQuality "1"]

1. e4 e6 2. d4 d5 3. Nd2 c5 4. Ngf3 cxd4 5. exd5 Qxd5 6. Bc4 Qd6 7. 0-0 Nf6 8. Nb3 Nc6 9. Nbxd4 Nxd4 10. Qxd4 Qxd4 11. Nxd4 Bc5 12. Nb3 Bb6 13. a4 a5 14. Bf4 Bd7 15. c3 Rc8 16. Bb5 Nd5 17. Bxd7+ Kxd7 18. Be5 f6 19. Bd4 Bxd4 20. Nxd4 e5 21. Nb5 Ke6 22. Rae1 g5 23. Nd4+ Kf7 24. Nf5 Rhd8 25. Rd1 Ke6 26. g4 Nf4 27. Rfe1 b6 28. Nd4+ Kf7 29. Nf5 Ke6 30. Nd4+ Kf7 31. Nf5 Ke6 1/2-1/2

[Event "Titled Tuesday intern op 06th Sep Early"]
[Site "Chess.com INT"]
[Date "2022.09.06"]
[Round "3"]
[White "Seifert, Harald"]
[Black "Pham, Khoi"]
[Result "0-1"]
[WhiteElo "2148"]
[BlackElo "2376"]
[PlyCount "72"]
[EventDate "2022.09.06"]
[EventType "swiss (blitz)"]
[EventRounds "11"]
[EventCountry "USA"]
[SourceTitle "EXT 2023"]
[Source "ChessBase"]
[SourceDate "2022.10.05"]
[SourceVersion "1"]
[SourceVersionDate "2022.10.05"]
[SourceQuality "1"]

1. e4 c5 2. Nf3 e6 3. c3 d5 4. exd5 Qxd5 5. d4 cxd4 6. cxd4 Nc6 7. Nc3 Qd8 8. Bc4 Nf6 9. 0-0 Be7 10. Qe2 0-0 11. Rd1 Qb6 12. Be3 Qa5 13. a3 Nd5 14. Nxd5 exd5 15. b4 Qd8 16. Bd3 Bf6 17. Qc2 h6 18. Qd2 Re8 19. Bxh6 gxh6 20. Qxh6 Bg7 21. Qh7+ Kf8 22. Re1 Be6 23. Ne5 Qf6 24. Bb5 Bf5 25. Qh5 Kg8 26. Re3 Bg6 27. Qh3 Re6 28. Bxc6 bxc6 29. Rf3 Qe7 30. Rc1 Bxe5 31. dxe5 Rxe5 32. g3 Re1+ 33. Rxe1 Qxe1+ 34. Kg2 Be4 35. Qg4+ Kf8 36. Qf4 Bxf3+ 0-1

[Event "Titled Tuesday intern op 22nd Feb Early"]
[Site "Chess.com INT"]
[Date "2022.02.22"]
[Round "11"]
[White "Mirzanurov, Bulat"]
[Black "Seifert, Harald"]
[Result "1-0"]
[WhiteElo "2199"]
[BlackElo "2148"]
[PlyCount "49"]
[EventDate "2022.02.22"]
[EventType "swiss (blitz)"]
[EventRounds "11"]
[EventCountry "USA"]
[SourceTitle "CBM 207 Extra"]
[Source "ChessBase"]
[SourceDate "2022.05.31"]
[SourceVersion "1"]
[SourceVersionDate "2022.05.31"]
[SourceQuality "1"]

1. e4 e6 2. d4 d5 3. Nc3 Nf6 4. e5 Nfd7 5. f4 c5 6. Nf3 Nc6 7. Be3 a6 8. Ne2 Qb6 9. Qc1 f6 10. c3 cxd4 11. Nexd4 fxe5 12. Nxe6 d4 13. cxd4 Bb4+ 14. Kd1 exd4 15. Nexd4 0-0 16. Bc4+ Kh8 17. Ne6 Re8 18. Bxb6 Nxb6 19. Bb3 Bxe6 20. Bxe6 Rxe6 21. Qc2 Rd8+ 22. Kc1 Nd4 23. Nxd4 Rxd4 24. Qf5 Rc6+ 25. Kb1 1-0